000 00631 a2200193 4500
008 100607s2010 enka g b 001 0 eng d
020 _a9780340984475 (pbk.)
020 _a0340984473 (pbk.)
082 0 4 _a428
_222
_bINA
245 0 3 _aAn Introduction to applied linguistics /
_cedited by Norbert Schmitt.
246 3 0 _aApplied linguistics
250 _a2nd ed.
260 _aLondon :
_bHodder Education,
_c2010.
300 _aix, 342 p. :
_bill. ;
_c24 cm.
504 _aIncludes bibliographical references and index.
650 0 _aApplied linguistics.
_948213
700 1 _aSchmitt, Norbert,
_d1956-
_948214
942 _2ddc
_cBOOK
999 _c37223
_d271723